00622nam a2200229Ia 4500008004100000020002200041050001700063050001400080100002200094245002200116245007100138245003800209250001600247260001500263260001700278260000900295300001600304300002000320300001100340500002000351650002100371180523s9999 xx 000 0 und d a978-1-259-00770-5 aMAIN HF 5387 b.H37 2008 aHartman, Laura P. 0aBusiness ethics : 0bdecision making for personal integrity and social responsibility / 0cLaura P. Hartman, Joe DesJardins. a2nd Edition aNew York : bMcGraw-Hill, c2011 a608 pages : billustrations ; c23 cm. aIncludes index. aBusiness ethics.